Človek na vedľajšej koľaji Pôvodná rozhlasová hra z košického štúdia

Podrobná bibliografia
Hlavný autor: J.B (Autor)
Médium: Článok
Jazyk:slovenčina
Predmet:

MARC

LEADER 00000nab a2200000 a 4500
001 vtls000430535
003 SK-MaSNL
005 20260304224431.0
008 120925c1991 xo 0 slo
015 |a SNBRB19rr/mm-uuuuu 
035 |a CL0430663 
040 |a SNKBUCL  |b slo  |c SNKBUCL  |e AACR2 
041 0 |a slo 
044 |a xo  |c SK 
080 |a 7.096  |2 1981 
100 1 |a J.B.  |4 aut  |9 426846 
245 1 0 |a Človek na vedľajšej koľaji  |b Pôvodná rozhlasová hra z košického štúdia  |c J. B. ; Jana Bodnárová, Hana Makovická 
500 |a (Réžia Hana Makovická.) 
600 1 7 |a Bodnárová, Jana,  |d 1950-  |2 snkbucl  |9 85509 
650 0 7 |a Slovenský rozhlas.  |b Štúdio Košice  |2 snkbucl  |9 1229532 
651 7 |a 5403  |2 snkbucl  |9 893808 
655 7 |a články z novín a časopisov  |2 snkbucl  |9 267496 
773 0 |t Práca  |g Roč. 46, č. 226 (26. 9. 1991), s. 6 
850 |a Slovenská národná knižnica v Martine  |a MTA001 
852 |a SNK  |b KIS3GCP 
958 |a RK 
992 |a RBX 
999 |c 3172000  |d 3173930